[Event "Titled Tuesday 2024.08.20 Late"]
[Site "chess.com INT"]
[Date "2024.08.20"]
[Round "4"]
[White "Jammalamadaka, Vihaan"]
[Black "Keleberda, Tymur"]
[Result "0-1"]
[WhiteElo "1919"]
[BlackElo "2283"]
[WhiteFideId "-1"]
[BlackFideId "-1"]
[PlyCount "104"]
[GameId "2130307538238369"]
[EventDate "2024.08.20"]
[EventType "swiss (blitz)"]
[EventRounds "11"]
[EventCountry "NET"]
[SourceTitle "The Week in Chess 1555"]
[Source "Mark Crowther"]
[SourceDate "2024.08.26"]
[SourceVersion "1"]
[SourceVersionDate "2024.08.26"]
[SourceQuality "2"]

1. c4 Nf6 2. Nc3 c6 3. g3 d5 4. cxd5 cxd5 5. d4 Nc6 6. Bg2 Bf5 7. Nf3 e6 8. O-O Rc8 9. Nh4 Bg4 10. Nf5 Bxf5 11. f3 Nxd4 12. e4 Bg6 13. e5 Nd7 14. Kh1 Nc2 15. Rb1 Nb4 16. Ra1 Be7 17. f4 O-O 18. g4 Bc2 19. Qf3 d4 20. a3 Nc6 21. Qf2 Bd3 22. Rd1 Nc5 23. b4 Nb3 24. Rxd3 Nxa1 25. Bb2 Nb3 26. Ne4 a5 27. Rxb3 axb4 28. axb4 Nxb4 29. f5 Rc2 30. Qe1 Nd5 31. f6 gxf6 32. exf6 Bxf6 33. g5 Bg7 34. Nf6+ Nxf6 35. gxf6 Qxf6 36. Rf3 Qh6 37. Ba3 Rfc8 38. Qg1 R2c3 39. Bb2 Rxf3 40. Bxf3 Qg6 41. Qf1 Rc2 42. Ba3 h6 43. Bd6 d3 44. Bg3 d2 45. Bd1 Rc1 46. Qe2 Qb1 47. Kg2 Rxd1 48. Qf3 Rg1+ 49. Kh3 Qf5+ 50. Qxf5 exf5 51. Be1 d1=Q 52. Bg3 Qg4# 0-1

[Event "Titled Tuesday 2024.08.20 Late"]
[Site "chess.com INT"]
[Date "2024.08.20"]
[Round "5"]
[White "Keleberda, Tymur"]
[Black "Yoo, Christopher"]
[Result "0-1"]
[WhiteElo "2283"]
[BlackElo "2616"]
[WhiteFideId "-1"]
[BlackFideId "-1"]
[PlyCount "162"]
[GameId "2130307538242531"]
[EventDate "2024.08.20"]
[EventType "swiss (blitz)"]
[EventRounds "11"]
[EventCountry "NET"]
[SourceTitle "The Week in Chess 1555"]
[Source "Mark Crowther"]
[SourceDate "2024.08.26"]
[SourceVersion "1"]
[SourceVersionDate "2024.08.26"]
[SourceQuality "2"]

1. e4 g6 2. d4 Bg7 3. Nc3 d6 4. Nge2 Nf6 5. h3 O-O 6. Be3 e5 7. d5 c6 8. g4 cxd5 9. exd5 Ne8 10. g5 f5 11. gxf6 Nxf6 12. Bg2 Nh5 13. Qd2 Nd7 14. Ne4 Ndf6 15. N2c3 Nf4 16. Bxf4 exf4 17. O-O-O f3 18. Bxf3 Nxe4 19. Bxe4 Qh4 20. f3 Bh6 21. Qxh6 Qxh6+ 22. Kb1 Bd7 23. h4 Rf4 24. h5 g5 25. Ne2 Rh4 26. Rhg1 Rf8 27. Nd4 Qxh5 28. Ne6 Bxe6 29. dxe6 Rxe4 30. fxe4 Rf4 31. e5 d5 32. Rxd5 Qg4 33. Rd8+ Kg7 34. Rd7+ Kg6 35. Rgd1 Re4 36. a4 Rxe5 37. e7 Rxe7 38. R7d6+ Re6 39. Rd8 Qxd1+ 40. Rxd1 g4 41. Rd8 Kg5 42. c4 g3 43. Kc2 g2 44. Rd1 Kf4 45. Kc3 Kf3 46. c5 Kf2 47. Kd2 h5 48. b4 h4 49. b5 h3 50. Kd3 g1=Q 51. Rxg1 Kxg1 52. c6 bxc6 53. Kc4 cxb5+ 54. axb5 Rb6 55. Kb4 h2 56. Ka5 h1=Q 57. Ka4 Ra6+ 58. bxa6 Qc6+ 59. Ka5 Qb6+ 60. Ka4 Qxa6+ 61. Kb3 Qa1 62. Kb4 a5+ 63. Kb3 a4+ 64. Kb4 a3 65. Kb3 a2 66. Kc4 Qc3+ 67. Kxc3 a1=R 68. Kb3 Re1 69. Kc3 Kf2 70. Kd3 Re3+ 71. Kd4 Ke2 72. Kc4 Rd3 73. Kc5 Kd2 74. Kc4 Kc2 75. Kc5 Kc3 76. Kc6 Kc4 77. Kb6 Rd6+ 78. Kc7 Kc5 79. Kb7 Rc6 80. Kb8 Kb6 81. Ka8 Rc8# 0-1

[Event "Titled Tuesday 2024.08.20 Late"]
[Site "chess.com INT"]
[Date "2024.08.20"]
[Round "6"]
[White "Asish, Panda"]
[Black "Keleberda, Tymur"]
[Result "0-1"]
[WhiteElo "1903"]
[BlackElo "2283"]
[WhiteFideId "-1"]
[BlackFideId "-1"]
[PlyCount "92"]
[GameId "2130307538242567"]
[EventDate "2024.08.20"]
[EventType "swiss (blitz)"]
[EventRounds "11"]
[EventCountry "NET"]
[SourceTitle "The Week in Chess 1555"]
[Source "Mark Crowther"]
[SourceDate "2024.08.26"]
[SourceVersion "1"]
[SourceVersionDate "2024.08.26"]
[SourceQuality "2"]

1. e4 a6 2. d4 e6 3. Nf3 d5 4. e5 c5 5. dxc5 Bxc5 6. Bd3 h6 7. Nbd2 Ne7 8. Nf1 Nd7 9. Ng3 Nc6 10. Qe2 Qc7 11. Bf4 g5 12. Bd2 Ndxe5 13. O-O-O Nxd3+ 14. Qxd3 Bb4 15. Be3 Bd7 16. a3 Bd6 17. h4 g4 18. Nd4 Ne5 19. Qe2 h5 20. Rhe1 Nc4 21. Bg5 Bf4+ 22. Bxf4 Qxf4+ 23. Kb1 O-O-O 24. Nb3 Bb5 25. Rd3 Kb8 26. Qd1 Qxf2 27. Nd4 Nxb2 28. Kxb2 Bxd3 29. Qxd3 Qxe1 30. Qb3 Qe5 31. Nge2 Rc8 32. c3 Rc4 33. Qb6 Rhc8 34. a4 Qc7 35. Qb3 Ka7 36. g3 Qb6 37. Qxb6+ Kxb6 38. Nf4 e5 39. Nxd5+ Kc5 40. Ne7 exd4 41. Nxc8 dxc3+ 42. Kc2 b5 43. axb5 axb5 44. Ne7 b4 45. Nf5 Re4 46. Kb3 Re2 0-1

[Event "Titled Tuesday 2024.08.20 Late"]
[Site "chess.com INT"]
[Date "2024.08.20"]
[Round "11"]
[White "Keleberda, Tymur"]
[Black "Herbrig, Alexander"]
[Result "1-0"]
[WhiteElo "2283"]
[BlackElo "2292"]
[WhiteFideId "-1"]
[BlackFideId "-1"]
[PlyCount "93"]
[GameId "2130307538255106"]
[EventDate "2024.08.20"]
[EventType "swiss (blitz)"]
[EventRounds "11"]
[EventCountry "NET"]
[SourceTitle "The Week in Chess 1555"]
[Source "Mark Crowther"]
[SourceDate "2024.08.26"]
[SourceVersion "1"]
[SourceVersionDate "2024.08.26"]
[SourceQuality "2"]

1. c4 e6 2. g3 Nf6 3. Bg2 d5 4. Nf3 Bd6 5. O-O O-O 6. cxd5 exd5 7. Nc3 a6 8. d4 h6 9. Re1 Re8 10. Ne5 c6 11. e4 dxe4 12. Nxe4 Nxe4 13. Bxe4 Bxe5 14. dxe5 Qxd1 15. Rxd1 Nd7 16. f4 Nc5 17. Bf3 Bf5 18. Be3 Be4 19. Be2 Ne6 20. Rd7 c5 21. Rad1 Bc6 22. R7d6 g6 23. Bc4 Kf8 24. Bxe6 fxe6 25. Bxc5 Kf7 26. Bb6 Re7 27. b3 Bd5 28. Rc1 Ke8 29. Be3 Rd7 30. Rb6 Bc6 31. Kf2 Rad8 32. Ke2 h5 33. h3 Be4 34. Rxe6+ Kf7 35. Rf6+ Kg7 36. g4 Bd3+ 37. Kf2 hxg4 38. hxg4 Rh8 39. Kg3 Be4 40. f5 gxf5 41. gxf5 Rd3 42. Rc7+ Kg8 43. Kf4 Rh4+ 44. Kg5 Rh1 45. Rg6+ Kf8 46. Bc5+ Ke8 47. Rg8# 1-0

[Event "North American-ch U20"]
[Site "Calgary CAN"]
[Date "2024.08.15"]
[Round "3.6"]
[White "Zhang, Roger"]
[Black "Keleberda, Tymur"]
[Result "1-0"]
[WhiteElo "2165"]
[BlackElo "2283"]
[WhiteFideId "-1"]
[BlackFideId "-1"]
[PlyCount "161"]
[GameId "2160767905784312"]
[EventDate "2024.08.14"]
[EventType "swiss"]
[EventRounds "9"]
[EventCountry "CAN"]
[SourceTitle "The Week in Chess 1554"]
[Source "Mark Crowther"]
[SourceDate "2024.08.19"]
[SourceVersion "2"]
[SourceVersionDate "2024.08.19"]
[SourceQuality "2"]

1. e4 e6 2. d4 d5 3. Nc3 Bb4 4. e5 c5 5. a3 Bxc3+ 6. bxc3 Qa5 7. Bd2 Qa4 8. h4 Ne7 9. h5 h6 10. Nf3 b6 11. Rh4 Qc6 12. Rg4 Rg8 13. Nh4 Ba6 14. Qf3 Bxf1 15. Kxf1 Qb5+ 16. Kg1 Nbc6 17. Qg3 Kd7 18. dxc5 g5 19. hxg6 h5 20. Rg5 fxg6 21. Nxg6 Nxg6 22. Rxg6 Ne7 23. Rxg8 Rxg8 24. Qf3 Qxc5 25. Qxh5 Qc4 26. Re1 Qa4 27. Bg5 Qxa3 28. c4 Qc3 29. Re3 Qxc2 30. Bxe7 Rg7 31. Bh4 Qb1+ 32. Kh2 d4 33. Rf3 Qh7 34. Qxh7 Rxh7 35. Kh3 Kc6 36. g4 Kc5 37. g5 Kxc4 38. g6 Rg7 39. Rf6 b5 40. Rxe6 b4 41. Rc6+ Kd5 42. Rd6+ Kxe5 43. Rxd4 Rxg6 44. Rxb4 Kf5 45. Ra4 a6 46. Bg3 Rh6+ 47. Kg2 Rc6 48. Kf3 Rc3+ 49. Ke2 Rc2+ 50. Kd3 Rc6 51. Kd4 Rg6 52. Kc5 Re6 53. Rf4+ Kg5 54. Rf8 Re2 55. Kb6 Ra2 56. Ra8 Rb2+ 57. Kxa6 Kf5 58. Rb8 Rc2 59. Kb5 Rc1 60. Re8 Kf6 61. Re3 Kf5 62. Kb4 Rc6 63. Rc3 Ra6 64. Kc4 Ke4 65. Re3+ Kf5 66. Kd3 Ra2 67. Re5+ Kg4 68. Ke3 Ra3+ 69. Ke2 Ra1 70. Re4+ Kf5 71. Kf3 Ra3+ 72. Re3 Ra5 73. Re5+ Rxe5 74. Bxe5 Kxe5 75. Kg4 Kf6 76. Kf4 Ke6 77. Kg5 Ke5 78. f4+ Ke6 79. Kg6 Ke7 80. f5 Kf8 81. Kf6 1-0

[Event "North American-ch U20"]
[Site "Calgary CAN"]
[Date "2024.08.17"]
[Round "7.6"]
[White "Colville, Julian"]
[Black "Keleberda, Tymur"]
[Result "1-0"]
[WhiteElo "2067"]
[BlackElo "2283"]
[WhiteFideId "-1"]
[BlackFideId "-1"]
[PlyCount "79"]
[GameId "2160767905784336"]
[EventDate "2024.08.14"]
[EventType "swiss"]
[EventRounds "9"]
[EventCountry "CAN"]
[SourceTitle "The Week in Chess 1554"]
[Source "Mark Crowther"]
[SourceDate "2024.08.19"]
[SourceVersion "2"]
[SourceVersionDate "2024.08.19"]
[SourceQuality "2"]

1. e4 c5 2. b3 d6 3. Bb2 Nf6 4. Nc3 Nc6 5. Bb5 Bd7 6. f4 g6 7. Bxc6 Bxc6 8. Qe2 Bg7 9. O-O-O O-O 10. Nf3 Qd7 11. d4 Qg4 12. Qe3 Nh5 13. g3 cxd4 14. Nxd4 Rfc8 15. Kb1 e5 16. Nde2 exf4 17. gxf4 Re8 18. Rhg1 Qh4 19. Rxd6 Qe7 20. Rd4 Bxd4 21. Qxd4 Qf6 22. Qc5 Qh4 23. Ng3 Nxg3 24. hxg3 Qe7 25. Qe3 Rad8 26. f5 gxf5 27. g4 fxe4 28. Ne2 Rd5 29. Nf4 Red8 30. Nxd5 Rxd5 31. Rf1 Qd6 32. a4 Rd1+ 33. Rxd1 Qxd1+ 34. Ka2 Qxg4 35. Qd4 f5 36. Qd8+ Kf7 37. Qf6+ Ke8 38. Ba3 Kd7 39. Qe7+ Kc8 40. Bd6 1-0

[Event "North American-ch U20"]
[Site "Calgary CAN"]
[Date "2024.08.18"]
[Round "9.6"]
[White "Chen, Max"]
[Black "Keleberda, Tymur"]
[Result "1-0"]
[WhiteElo "2177"]
[BlackElo "2283"]
[WhiteFideId "-1"]
[BlackFideId "-1"]
[PlyCount "85"]
[GameId "2160767905784348"]
[EventDate "2024.08.14"]
[EventType "swiss"]
[EventRounds "9"]
[EventCountry "CAN"]
[SourceTitle "The Week in Chess 1554"]
[Source "Mark Crowther"]
[SourceDate "2024.08.19"]
[SourceVersion "2"]
[SourceVersionDate "2024.08.19"]
[SourceQuality "2"]

1. d4 a6 2. e4 e6 3. c4 d5 4. Nc3 dxc4 5. a4 Nc6 6. Nf3 Na5 7. Be3 c6 8. Ne5 b5 9. Qf3 Nf6 10. Be2 Bb7 11. O-O Nb3 12. Rad1 Qc7 13. Ng4 Nd7 14. Qh3 O-O-O 15. f4 f6 16. Nf2 Re8 17. Bg4 f5 18. exf5 exf5 19. Bxf5 Rd8 20. Nfe4 Kb8 21. Ng5 Nf6 22. Ne6 Qa5 23. Nxd8 Qxd8 24. Bc2 Bb4 25. f5 Ka8 26. Bf2 Bxc3 27. Qxc3 Nd5 28. Qg3 bxa4 29. Rfe1 Qd7 30. Re5 g6 31. fxg6 hxg6 32. Rde1 Ka7 33. Qxg6 Qc7 34. h4 Qb6 35. Qg7 Rd8 36. h5 Nxd4 37. R5e4 c5 38. Rxd4 Qxb2 39. Rxd5 Qxg7 40. Bxc5+ Kb8 41. Rxd8+ Bc8 42. Bd6+ Ka8 43. Rxc8+ 1-0

[Event "Titled Tuesday 2024.08.13 Early"]
[Site "Chess.com INT"]
[Date "2024.08.13"]
[Round "1"]
[White "Mingo Fernandez, Matias"]
[Black "Keleberda, Tymur"]
[Result "1-0"]
[WhiteElo "2177"]
[BlackElo "2283"]
[WhiteFideId "-1"]
[BlackFideId "-1"]
[PlyCount "91"]
[GameId "2107989757996295"]
[EventDate "2024.08.13"]
[EventType "swiss (blitz)"]
[EventRounds "11"]
[EventCountry "NET"]
[SourceTitle "EXT 2025"]
[Source "ChessBase"]
[SourceDate "2024.10.14"]
[SourceVersion "1"]
[SourceVersionDate "2024.10.14"]
[SourceQuality "1"]

1. d4 Nf6 2. Nf3 b5 3. Bf4 e6 4. e3 a6 5. Be2 Bb7 6. O-O c5 7. c3 d6 8. h3 Nbd7 9. Nbd2 Qb6 10. Bh2 Be7 11. a3 O-O 12. b4 Rac8 13. Qb3 Nd5 14. Rfc1 h6 15. Bg3 Rfd8 16. c4 N5f6 17. bxc5 dxc5 18. cxb5 cxd4 19. exd4 Bd5 20. Qb2 axb5 21. Qxb5 Qa7 22. a4 Nb8 23. Rxc8 Rxc8 24. a5 Nc6 25. Rc1 Qa8 26. a6 Na7 27. Rxc8+ Qxc8 28. Qb8 Qxb8 29. Bxb8 Nc8 30. a7 Nb6 31. Ne5 Ba8 32. Bf3 Nfd5 33. Ne4 f6 34. Nd3 Kf7 35. Nec5 f5 36. Ne5+ Ke8 37. Nxe6 Bf6 38. Bxd5 Nxd5 39. Nc7+ Nxc7 40. Bxc7 Ke7 41. Bb6 Kd6 42. Nc4+ Kc6 43. Bc5 Kd5 44. Nb6+ Kc6 45. Nxa8 Bd8 46. Nb6 1-0

[Event "Titled Tuesday 2024.07.30 Early"]
[Site "Chess.com INT"]
[Date "2024.07.30"]
[Round "3"]
[White "Akopian, Robert"]
[Black "Keleberda, Tymur"]
[Result "1/2-1/2"]
[WhiteElo "1880"]
[BlackElo "2222"]
[WhiteFideId "-1"]
[BlackFideId "-1"]
[PlyCount "233"]
[GameId "2075361425252352"]
[EventDate "2024.07.30"]
[EventType "swiss (blitz)"]
[EventRounds "11"]
[EventCountry "NET"]
[SourceTitle "EXT 2025"]
[Source "ChessBase"]
[SourceDate "2024.10.14"]
[SourceVersion "1"]
[SourceVersionDate "2024.10.14"]
[SourceQuality "1"]

1. e4 e6 2. d4 d6 3. Nc3 Ne7 4. Nf3 h6 5. h4 g6 6. Be3 Bg7 7. Qd2 a6 8. a4 b6 9. Bc4 Bb7 10. d5 e5 11. h5 g5 12. g4 Nd7 13. Nh2 Nf6 14. O-O Bc8 15. f3 Nd7 16. Rfb1 Bf6 17. Nf1 Kf8 18. Ng3 Kg7 19. Kg2 a5 20. Nb5 Ba6 21. c3 Kh7 22. Qd3 Bxb5 23. Bxb5 Nc5 24. Qc2 Nd7 25. b4 Qc8 26. bxa5 Rxa5 27. c4 Nc5 28. Bd2 Ra7 29. a5 bxa5 30. Rxa5 Rxa5 31. Bxa5 Qa8 32. Bb4 Qa7 33. Bc3 Rb8 34. Ra1 Qb7 35. Ne2 c6 36. dxc6 Nxc6 37. Qa2 Ne6 38. Qa6 Qxa6 39. Rxa6 Ncd4 40. Ng3 Nxb5 41. cxb5 Rxb5 42. Rxd6 Rb3 43. Rc6 Nf4+ 44. Kh2 Bg7 45. Nf5 Bf8 46. Bxe5 Rxf3 47. Bd6 Bxd6 48. Rxd6 Ne6 49. Nd4 Nxd4 50. Rxd4 Kg7 51. Kg2 Ra3 52. Rb4 Kf6 53. Rb6+ Ke5 54. Rxh6 Kf4 55. Rf6+ Kxg4 56. Rxf7 Ra2+ 57. Rf2 Ra6 58. Re2 Re6 59. h6 Rxh6 60. e5 Re6 61. Re1 Kf4 62. Kf2 g4 63. Re2 Kf5 64. Kg3 Kg5 65. Re4 Kf5 66. Rf4+ Kxe5 67. Rxg4 Ra6 68. Rb4 Ra3+ 69. Kg4 Kd5 70. Rb2 Ra1 71. Rd2+ Ke4 72. Re2+ Kd3 73. Rf2 Rg1+ 74. Kf5 Rg8 75. Rf3+ Kd4 76. Rf4+ Kd5 77. Ra4 Rf8+ 78. Kg4 Rf1 79. Ra5+ Ke4 80. Ra4+ Ke5 81. Ra5+ Kf6 82. Ra6+ Ke7 83. Rb6 Rc1 84. Kf5 Rc5+ 85. Ke4 Ra5 86. Rc6 Kd7 87. Rh6 Ra4+ 88. Kd5 Kc7 89. Kc5 Ra5+ 90. Kd4 Rg5 91. Kc4 Kb7 92. Kb4 Rg1 93. Kc4 Ra1 94. Kb5 Rb1+ 95. Kc5 Ka7 96. Rg6 Rb7 97. Rc6 Rh7 98. Rg6 Kb7 99. Kb4 Rh4+ 100. Kb5 Kc7 101. Kc5 Kd7 102. Ra6 Rh5+ 103. Kd4 Kc7 104. Ke4 Kb7 105. Rg6 Rh7 106. Kd4 Kc7 107. Kd5 Kd7 108. Kc4 Ke7 109. Ra6 Rh1 110. Kd5 Kf7 111. Ke4 Rg1 112. Ke5 Kg7 113. Kf5 Kh7 114. Rb6 Rf1+ 115. Ke5 Rf7 116. Ke6 Rg7 117. Ke5 1/2-1/2

[Event "Titled Tuesday 2024.07.30 Early"]
[Site "Chess.com INT"]
[Date "2024.07.30"]
[Round "5"]
[White "Kosteniuk, Alexandra"]
[Black "Keleberda, Tymur"]
[Result "1-0"]
[WhiteElo "2488"]
[BlackElo "2222"]
[WhiteFideId "-1"]
[BlackFideId "-1"]
[PlyCount "137"]
[GameId "2075361427419136"]
[EventDate "2024.07.30"]
[EventType "swiss (blitz)"]
[EventRounds "11"]
[EventCountry "NET"]
[SourceTitle "EXT 2025"]
[Source "ChessBase"]
[SourceDate "2024.10.14"]
[SourceVersion "1"]
[SourceVersionDate "2024.10.14"]
[SourceQuality "1"]

1. e4 e6 2. d4 d5 3. Nc3 Bb4 4. a3 Bxc3+ 5. bxc3 dxe4 6. Qg4 Nf6 7. Qxg7 Rg8 8. Qh6 Rg6 9. Qe3 Nbd7 10. Ne2 Nb6 11. Ng3 Nfd5 12. Qd2 f5 13. c4 Nf6 14. Bb2 Bd7 15. Be2 Bc6 16. d5 exd5 17. Nh5 Nxh5 18. Bxh5 Nxc4 19. Qh6 Nxb2 20. Qxh7 Qf6 21. Bxg6+ Kf8 22. O-O Rd8 23. Bxf5 Rd6 24. Qxc7 Nc4 25. Bh3 Ne5 26. Qb8+ Rd8 27. Qxa7 d4 28. Qc5+ Kg7 29. Rad1 Rd5 30. Qb6 Ng6 31. Qc7+ Kh6 32. g3 Ne5 33. Bg2 Nf3+ 34. Bxf3 exf3 35. Qf4+ Qxf4 36. gxf4 Rd6 37. Kh1 Bd7 38. Rg1 Bh3 39. Rg3 Bg2+ 40. Rxg2 fxg2+ 41. Kxg2 Kg6 42. Kf3 Kf5 43. Rg1 Ra6 44. Rg5+ Kf6 45. Rb5 Rxa3+ 46. Ke4 Rc3 47. Rb6+ Kg7 48. Rxb7+ Kf6 49. Rb2 Rh3 50. Rb6+ Kf7 51. Kxd4 Rxh2 52. Ke3 Rh3+ 53. f3 Rh2 54. c4 Rh1 55. Rb3 Kf6 56. Rc3 Re1+ 57. Kd4 Rd1+ 58. Ke4 Re1+ 59. Kd5 Ke7 60. Kc6 Kd8 61. Rd3+ Kc8 62. Kd6 Re8 63. Rd5 Rf8 64. f5 Rf6+ 65. Ke7 Rc6 66. c5 Ra6 67. f6 Kc7 68. f7 Ra7 69. Rd7+ 1-0

[Event "Titled Tuesday 2024.07.30 Early"]
[Site "Chess.com INT"]
[Date "2024.07.30"]
[Round "6"]
[White "Kniazev, Igor"]
[Black "Keleberda, Tymur"]
[Result "1/2-1/2"]
[WhiteElo "2036"]
[BlackElo "2222"]
[WhiteFideId "-1"]
[BlackFideId "-1"]
[PlyCount "221"]
[GameId "2075361428766720"]
[EventDate "2024.07.30"]
[EventType "swiss (blitz)"]
[EventRounds "11"]
[EventCountry "NET"]
[SourceTitle "EXT 2025"]
[Source "ChessBase"]
[SourceDate "2024.10.14"]
[SourceVersion "1"]
[SourceVersionDate "2024.10.14"]
[SourceQuality "1"]

1. e4 c6 2. d4 d5 3. Nc3 g6 4. Nf3 dxe4 5. Nxe4 Bg7 6. Bc4 e6 7. O-O h6 8. Bf4 Nf6 9. Nd6+ Kf8 10. h3 Nbd7 11. c3 Kg8 12. Re1 Nb6 13. Bb3 Nfd5 14. Bg3 a5 15. Qd3 a4 16. Bc2 Nd7 17. a3 Nf8 18. Re2 b6 19. Nxc8 Qxc8 20. Ne5 b5 21. Qf3 Ra7 22. Be4 Nh7 23. Bh4 Ng5 24. Bxg5 hxg5 25. Qg4 Bf6 26. Bxg6 fxg6 27. Nxg6 Rh6 28. Rxe6 Rxg6 29. Rae1 Kg7 30. Rxf6 Qxg4 31. Rxg6+ Kxg6 32. hxg4 Kf6 33. Re8 Re7 34. Rc8 Re6 35. g3 Nb6 36. Rf8+ Kg7 37. Rb8 Nc4 38. f4 Nxb2 39. Rb7+ Kh6 40. f5 Rf6 41. d5 cxd5 42. Rxb5 Nc4 43. Rxd5 Nxa3 44. Ra5 Nc4 45. Rxa4 Ne5 46. Kg2 Rd6 47. Rd4 Rc6 48. c4 Nxc4 49. Kf3 Ne5+ 50. Ke4 Nxg4 51. Kd5 Rf6 52. Rxg4 Rxf5+ 53. Ke6 Rf1 54. Ke5 Kg6 55. Ra4 Kh5 56. Rb4 Rg1 57. Rb3 Kg4 58. Kf6 Rf1+ 59. Kg6 Ra1 60. Rb4+ Kxg3 61. Kxg5 Ra3 62. Kf5 Kf3 63. Ke5 Ke3 64. Kd5 Kd3 65. Rd4+ Kc3 66. Rh4 Ra7 67. Rh3+ Kb4 68. Rh4+ Kb5 69. Rh1 Rd7+ 70. Ke6 Rd2 71. Rh5+ Kc6 72. Rf5 Re2+ 73. Re5 Rh2 74. Kf6 Rh8 75. Re6+ Kd5 76. Re1 Rh6+ 77. Kg7 Ra6 78. Rd1+ Ke6 79. Rh1 Kd7 80. Rh7 Ra2 81. Kf6+ Kd6 82. Kf5 Rf2+ 83. Ke4 Re2+ 84. Kd3 Re6 85. Rh5 Rg6 86. Rf5 Rg3+ 87. Ke4 Ke6 88. Rf4 Ra3 89. Rf1 Kd6 90. Kd4 Kc6 91. Rf6+ Kb5 92. Rf5+ Kb4 93. Rf7 Ra4 94. Rb7+ Ka3+ 95. Kc3 Ra6 96. Rb3+ Ka2 97. Rb4 Ka1 98. Rc4 Rh6 99. Rb4 Ka2 100. Rc4 Rh3+ 101. Kb4 Kb2 102. Rd4 Rb3+ 103. Kc4 Rb8 104. Rd2+ Ka3 105. Rd1 Rc8+ 106. Kd3 Kb2 107. Rd2+ Kb3 108. Rd1 Rc3+ 109. Kd4 Rc8 110. Rb1+ Ka2 111. Rb4 1/2-1/2

[Event "Titled Tuesday 2024.07.30 Early"]
[Site "Chess.com INT"]
[Date "2024.07.30"]
[Round "8"]
[White "Real de Azua, Ernesto"]
[Black "Keleberda, Tymur"]
[Result "0-1"]
[WhiteElo "2455"]
[BlackElo "2222"]
[WhiteFideId "-1"]
[BlackFideId "-1"]
[PlyCount "118"]
[GameId "2075361430700032"]
[EventDate "2024.07.30"]
[EventType "swiss (blitz)"]
[EventRounds "11"]
[EventCountry "NET"]
[SourceTitle "EXT 2025"]
[Source "ChessBase"]
[SourceDate "2024.10.14"]
[SourceVersion "1"]
[SourceVersionDate "2024.10.14"]
[SourceQuality "1"]

1. e4 c5 2. Nf3 Nc6 3. Bb5 e6 4. O-O Nge7 5. d4 cxd4 6. Nxd4 d5 7. Nc3 a6 8. Nxc6 bxc6 9. Bd3 Bb7 10. Re1 Ng6 11. Qh5 Qh4 12. Qxh4 Nxh4 13. Be3 Ng6 14. Na4 Ne5 15. Nc5 Bxc5 16. Bxc5 Nxd3 17. cxd3 Kd7 18. Rac1 a5 19. Rc3 a4 20. Rec1 Ba6 21. f3 Bb5 22. Kf2 h5 23. h4 f6 24. Re1 e5 25. exd5 cxd5 26. d4 Rhe8 27. Rce3 Rac8 28. b4 axb3 29. Rxb3 Bc4 30. Rb7+ Rc7 31. Rxc7+ Kxc7 32. a3 Kc6 33. Rb1 e4 34. Rb6+ Kc7 35. fxe4 Rxe4 36. g3 Re2+ 37. Kf3 Re1 38. Kf2 Rf1+ 39. Kg2 Bd3 40. Re6 g5 41. Re7+ Kc6 42. Re6+ Kb5 43. hxg5 fxg5 44. Re5 Kc4 45. Rxg5 Re1 46. Rxh5 Be4+ 47. Kf2 Rd1 48. Re5 Kd3 49. g4 Rd2+ 50. Kg3 Ke3 51. Kh4 Kf4 52. Kh3 Rd1 53. Rxe4+ dxe4 54. Bd6+ Kf3 55. g5 Rh1+ 56. Bh2 e3 57. g6 e2 58. g7 e1=Q 59. g8=Q Qf1+ 0-1

[Event "Titled Tuesday 2024.07.30 Early"]
[Site "Chess.com INT"]
[Date "2024.07.30"]
[Round "9"]
[White "Keleberda, Tymur"]
[Black "Postny, Evgeny"]
[Result "0-1"]
[WhiteElo "2222"]
[BlackElo "2577"]
[WhiteFideId "-1"]
[BlackFideId "-1"]
[PlyCount "80"]
[GameId "2075361431351296"]
[EventDate "2024.07.30"]
[EventType "swiss (blitz)"]
[EventRounds "11"]
[EventCountry "NET"]
[SourceTitle "EXT 2025"]
[Source "ChessBase"]
[SourceDate "2024.10.14"]
[SourceVersion "1"]
[SourceVersionDate "2024.10.14"]
[SourceQuality "1"]

1. d4 e6 2. Bf4 Ne7 3. Nd2 d5 4. h4 h5 5. e3 Ng6 6. Bg5 Be7 7. Bxe7 Qxe7 8. Ngf3 Nd7 9. Bd3 Ndf8 10. a3 Bd7 11. c4 c6 12. Qb3 O-O-O 13. Qc3 Kb8 14. b4 e5 15. dxe5 Bg4 16. cxd5 Rxd5 17. Be4 Rd8 18. Nc4 Bxf3 19. gxf3 Nxh4 20. Na5 Rc8 21. Ke2 g5 22. Rad1 Ne6 23. Nc4 Rcd8 24. Rd6 g4 25. f4 f5 26. Bc2 Ng6 27. Bxf5 Ngxf4+ 28. exf4 Nxf4+ 29. Kf1 Qg5 30. Ne3 g3 31. Rg1 g2+ 32. Ke1 h4 33. e6 h3 34. Qe5 Ka8 35. e7 Rde8 36. Re6 h2 37. Rxg2 Nxg2+ 38. Ke2 Nf4+ 39. Kd2 Nxe6 40. Bxe6 Qxe5 0-1

[Event "Titled Tuesday 2024.07.30 Early"]
[Site "Chess.com INT"]
[Date "2024.07.30"]
[Round "11"]
[White "Keleberda, Tymur"]
[Black "Csonka, Balazs"]
[Result "1-0"]
[WhiteElo "2222"]
[BlackElo "2473"]
[WhiteFideId "-1"]
[BlackFideId "-1"]
[PlyCount "79"]
[GameId "2075361432997888"]
[EventDate "2024.07.30"]
[EventType "swiss (blitz)"]
[EventRounds "11"]
[EventCountry "NET"]
[SourceTitle "EXT 2025"]
[Source "ChessBase"]
[SourceDate "2024.10.14"]
[SourceVersion "1"]
[SourceVersionDate "2024.10.14"]
[SourceQuality "1"]

1. e4 c5 2. Be2 Nc6 3. d3 g6 4. f4 Bg7 5. Nf3 e6 6. O-O Nge7 7. c3 d5 8. Qe1 O-O 9. Na3 Rb8 10. Be3 d4 11. Bf2 b5 12. Rc1 a5 13. cxd4 cxd4 14. Nc2 Ba6 15. h4 b4 16. b3 Rb5 17. e5 Nf5 18. g4 Ne3 19. Nxe3 dxe3 20. Bxe3 Bb7 21. Bc5 Rxc5 22. Rxc5 Re8 23. Qf2 Bf8 24. Rc2 Qd5 25. Rfc1 Rd8 26. Kh2 Be7 27. h5 g5 28. Qe3 gxf4 29. Qxf4 f6 30. Qc4 Qd7 31. exf6 Bxf6 32. Kh3 Qd6 33. Qb5 Rd7 34. Qc5 Qxc5 35. Rxc5 Nd4 36. Nxd4 Rxd4 37. g5 Bd8 38. Rb5 Ba6 39. Rb8 Kf7 40. Rc6 1-0

[Event "Titled Tuesday 2024.07.30 Early"]
[Site "chess.com INT"]
[Date "2024.07.30"]
[Round "1"]
[White "Keleberda, Tymur"]
[Black "Stoettner, Lukas"]
[Result "1-0"]
[WhiteElo "2222"]
[BlackElo "2202"]
[WhiteFideId "-1"]
[BlackFideId "-1"]
[PlyCount "83"]
[GameId "2130307540725662"]
[EventDate "2024.07.30"]
[EventType "swiss (blitz)"]
[EventRounds "11"]
[EventCountry "NET"]
[SourceTitle "The Week in Chess 1552"]
[Source "Mark Crowther"]
[SourceDate "2024.08.05"]
[SourceVersion "1"]
[SourceVersionDate "2024.08.05"]
[SourceQuality "2"]

1. d4 Nf6 2. Nf3 e6 3. Bf4 c5 4. e3 Nc6 5. c3 b6 6. Nbd2 Bb7 7. h3 Be7 8. Bd3 O-O 9. O-O cxd4 10. exd4 d6 11. Qc2 h6 12. a3 a6 13. Rfe1 Rc8 14. Rad1 Nd5 15. Bg3 b5 16. Qc1 Na5 17. Bb1 Nc4 18. Qc2 g6 19. Rxe6 Nf6 20. Re2 Nxd2 21. Nxd2 Qd7 22. Rde1 Rfe8 23. Ba2 Bd5 24. Bxd5 Nxd5 25. Qb3 Qc6 26. Nf1 Qc4 27. Qd1 Qc6 28. Ne3 Nxe3 29. Rxe3 Bf8 30. Qe2 Rxe3 31. Qxe3 a5 32. Qd3 a4 33. Re3 d5 34. Qe2 Bg7 35. Be5 Rd8 36. Bxg7 Kxg7 37. Re7 Rd7 38. Qe5+ Kh7 39. Re8 f6 40. Qe6 Qxe6 41. Rxe6 Rg7 42. Rxf6 1-0